000 01006nam a22003257a 4500
001 000515
003 DO-SdBPM
005 20250825132634.0
007 ta
008 160920b 1989 sp ||||| |||| 00| 0 spa d
020 _a8486675871
040 _aDO-SdBPM
_bspa
_cBPMSU
_erda
082 4 _a863.6
_bO77c 1989
_222
100 1 _aOrtiz, Lourdes,
_d1949-
_eautora
245 1 0 _aCamas /
_cLourdes Ortiz.
250 _a2a ed.
264 _aMadrid :
_bEdiciones Temas de Hoy,
_c1989.
300 _a229 páginas :
_bilustraciones ;
_c21 cm.
336 _atexto
_btxt
_2rdacontent
337 _asin mediación
_bn
_2rdamedia
338 _avolumen
_bnc
_2rdacarrier
490 0 _aBiblioteca erótica,
_v4
500 _aIncluye datos biográficos de la autora en la solapa de la cubierta.
590 _aInventariado, 2025/VM
650 7 _aNovela española
650 7 _a Novela erótica
650 7 _a Pornografía
_vNovela
910 _aVMateo V. Control de calidad. BPMSU
942 _2ddc
_cBK
999 _c11468
_d11468